Phonokardiographische Amplituden-, Zeit- und Frequenzanalyse des 2. Herztones vor und nach operativer Korrektur des Vorhofseptumdefektes /

Hlavní autor: Buchta, Irmhild
Korporativní autor: Universität Bonn
Jazyk: Němčina
Vydáno: Bonn : I. Buchta, 1968
Fyzický popis: 81 s.
Knihy
Uloženo v:
LEADER 00733nam a22002172a 4500
001 001333135
003 CZ BrMZK
005 20131004170007.0
007 ta
008 131004s1968 gw er|||||||||||ger d
040 |a BOA001  |b cze 
100 1 |a Buchta, Irmhild  |4 dis 
245 1 0 |a Phonokardiographische Amplituden-, Zeit- und Frequenzanalyse des 2. Herztones vor und nach operativer Korrektur des Vorhofseptumdefektes /  |c Irmhild Buchta 
260 |a Bonn :  |b I. Buchta,  |c 1968 
300 |a 81 s. 
502 |a Disertace--Universität Bonn, 1967 
710 2 |a Universität Bonn  |7 ko2005304139 
910 |a BOA001  |b 2-0607.076 
990 |a BK 
991 |b 201310 
996 7 |b 2619007064  |c 2-0607.076  |l HP2  |r DEN  |n 0  |w 001368046  |u 000010  |a 1  |e BOA001  |j MZK50  |s A